[Event "GER-chT Youth Countries 2018"]
[Site "Wurzburg"]
[Date "2018.10.05"]
[Round "5"]
[White "Degenhard, Simon"]
[Black "Muckle, Julius"]
[Result "1-0"]
[WhiteElo "2207"]
[BlackElo "2348"]
[Annotator "TA"]
[PlyCount "129"]
[EventDate "2018.10.03"]
[EventType "team-tourn"]
[EventCountry "GER"]
[SourceTitle "playchess.com"]
[Source "ChessBase"]
[SourceQuality "1"]

{[%evp 25,129,13,27,7,0,-20,66,59,64,74,119,105,106,114,118,117,118,108,94,74,162,144,183,177,185,181,185,190,213,178,203,193,216,213,225,152,153,136,158,145,145,148,149,151,207,216,208,223,230,230,216,224,261,256,254,283,298,302,301,302,302,302,371,293,258,231,477,476,459,447,670,462,1082,1154,1221,1299,544,525,1583,1604,1897,1643,5295,4137,4137,4137,29970,29971,6754,6270,29975,29976,29977,29973,29972,29973,29979,29980,29985,29978,29978,29979,29985,29986,29986,29987]} 1. d4 d5 2. c4 c6 3. cxd5 cxd5 4. Nc3 Nf6 5. Bf4 Nc6 6. e3 a6 7. Bd3 Bg4 8. Nge2 e6 9. O-O Bd6 10. f3 {D10: Slav Defence: 3 cxd5 (without early Nf3) and 3 Nc3} Bh5 11. Rc1 O-O 12. Na4 e5 13. dxe5 Nxe5 {LiveBook: 3 Games} 14. Bb1 Re8 $146 (14... b5 15. Nac3 Nc4 16. Nxd5 Nxd5 17. Qxd5 Bxf4 18. Nxf4 {1-0 (48) Degenhard,S (2184)-Muckle,J (2251) Willingen 2017}) ({Predecessor:} 14... b5 15. Nac3 Nc4 16. Qd4 Nxb2 17. Bxd6 Qxd6 18. Nxb5 axb5 19. Qxb2 {1-0 (75) Deak,S (2292)-Czupor,A (2223) Ajka 2018}) 15. Nac3 Bb8 (15... Bc5 $11) 16. Bg5 $1 $14 Qd6 {[#] Hoping for ...Nxf3+!} 17. Nf4 {[%cal Be2f4,Bf4h5,Bh5g3][%mdl 32] Black must now prevent Bxf6.} Nc4 18. Ncxd5 (18. Bxf6 $2 Nxe3 19. Qa4 b5 $19) 18... Nxd5 19. Qxd5 Nxe3 20. Qxd6 ({Don't blunder} 20. Qxb7 $2 Ba7 $19) 20... Bxd6 21. Nxh5 {Strongly threatening Rfe1.} Nxf1 22. Kxf1 Rac8 (22... Bxh2 $16 23. Be4 Re5 24. Bxb7 Rae8) 23. Ng3 h6 24. Rxc8 Rxc8 25. Be3 Be5 26. b3 Bd4 27. Bd2 Bb2 28. Be4 b5 29. Ke2 Bc1 30. Nf1 Bxd2 31. Nxd2 Rc1 32. Bb7 a5 33. a4 bxa4 34. bxa4 Rc2 (34... Kf8 $16 {is a better defense.} 35. Ba6 Rc2) 35. Kd3 $18 Ra2 36. Bc6 Kf8 {[#]} 37. f4 $1 Ke7 38. Nc4 Kd8 39. Kd4 Kc7 40. Kc5 Rf2 41. Bf3 ({But not} 41. Nxa5 $6 Rxf4 42. Nb3 Rh4 $18) 41... g5 42. fxg5 ({Resist} 42. Nxa5 g4 $18) 42... hxg5 43. h3 f5 44. Nxa5 Ra2 45. Kb4 Kb6 $2 (45... Rb2+ {was worth a try.} 46. Nb3 Kb6 47. a5+ Ka6) 46. Nc4+ Ka6 47. Ne3 f4 (47... Rb2+ $142 48. Kc3 Rb8 49. Be2+ Ka5) 48. Nc4 Rf2 (48... Rc2 $142 49. Ne5 Rc8 50. Be2+ Ka7) 49. Nd6 Rd2 50. Ne4 Rd4+ 51. Kb3 Ka5 52. Nxg5 Rxa4 53. h4 {[%cal Bh3h4,Bh4h5,Bh5h6,Bh6h7][%mdl 32]} Ra1 54. Kc4 Kb6 55. Kd4 Re1 56. h5 Rh1 57. Ke5 Kc7 58. Kxf4 {White mates.} Kd8 59. Kf5 Ke7 60. Kg6 Kf8 61. h6 Ra1 62. Be4 Ra7 63. Bd5 Ra4 64. h7 Rh4 65. Bf3 {Precision: White = 87%, Black = 21%.} 1-0

[Event "GER-chT Youth Countries 2018"]
[Site "Wurzburg"]
[Date "2018.10.05"]
[Round "5"]
[White "Muetsch, Annmarie"]
[Black "Hartge, Gedeon"]
[Result "1/2-1/2"]
[WhiteElo "2206"]
[BlackElo "2214"]
[Annotator "NA RC"]
[PlyCount "83"]
[EventDate "2018.10.03"]
[EventType "team-tourn"]
[EventCountry "GER"]
[SourceTitle "playchess.com"]
[Source "ChessBase"]
[SourceQuality "1"]
[TimeControl "40/5400+30:1800+30"]

1. e4 {[%emt 0:00:00]} c5 {[%emt 0:00:00]} 2. Nf3 {[%emt 0:00:00]} e6 {[%emt 0:00:00]} 3. d4 {[%emt 0:00:00]} cxd4 {[%emt 0:00:00]} 4. Nxd4 {[%emt 0:00:00]} a6 {[%emt 0:00:00]} 5. c4 {[%emt 0:00:00]} Nf6 {[%emt 0:00:00]} 6. Nc3 {[%emt 0:00:07]} Qc7 {[%emt 0:00:15]} 7. a3 {[%emt 0:00:12]} b6 {[%emt 0:00:14]} 8. Be3 {[%emt 0:00:18]} Bb7 {[%emt 0:00:32] B41: Sicilian: Kan Variation: 5 c4} 9. f3 {[%emt 0:00:06]} Nc6 {[%emt 0:01:12]} 10. Be2 {[%emt 0:03:13]} (10. Rc1 Bc5 11. Qd2 O-O 12. Be2 Rac8 13. b4 Bxd4 14. Bxd4 Nxd4 15. Qxd4 {1-0 (33) Ponomariov,R (2694)-Fedorchuk,S (2648) Riadh 2017}) 10... Nxd4 {[%emt 0:00:12]} 11. Qxd4 {[%emt 0:01:31]} Bc5 {[%emt 0:00:09]} 12. Qd2 {[%emt 0:00:05]} Bxe3 {[%emt 0:12:10]} 13. Qxe3 {[%emt 0:00:07]} d6 {[%emt 0:00:27]} 14. O-O {[%emt 0:05:46]} Qc5 {[%emt 0:20:04]} 15. Qxc5 {[%emt 0:01:47]} bxc5 $146 {[%emt 0:11:54]} ({Predecessor:} 15... dxc5) 16. b4 {[%emt 0:04:17]} Ke7 {[%emt 0:11:08]} 17. Rfd1 {[%emt 0:07:40]} Rhb8 {[%emt 0:03:40]} 18. Rab1 {[%emt 0:02:26]} Bc6 {[%emt 0:04:49]} 19. Rd2 {[%emt 0:05:03]} Be8 {[%emt 0:11:13]} 20. Rdb2 {[%emt 0:05:11]} cxb4 {[%emt 0:04:09]} 21. axb4 {[%emt 0:02:41]} g5 {[%emt 0:04:44]} 22. Ra2 $11 {[%emt 0:02:43]} Nd7 {[%emt 0:01:28]} 23. Ra5 {[%emt 0:02:56]} h6 {[%emt 0:00:35]} 24. Kf2 {[%emt 0:01:55]} Ne5 {[%emt 0:03:54]} 25. c5 {[%emt 0:06:17]} Nc6 {[%emt 0:00:33]} 26. cxd6+ {[%emt 0:02:13]} Kxd6 {[%emt 0:00:05]} 27. Ra4 {[%emt 0:02:30]} Ke5 {[%emt 0:02:47]} 28. Ke3 {[%emt 0:07:35]} Ra7 {[%emt 0:02:11]} 29. g3 {[%emt 0:06:12]} Rab7 {[%emt 0:00:50]} 30. f4+ {[%emt 0:01:25]} Kf6 {[%emt 0:00:05]} 31. e5+ {[%emt 0:01:03]} Kg7 {[%emt 0:00:21]} 32. Bxa6 {[%emt 0:02:25]} Rxb4 {[%emt 0:00:09]} 33. Raxb4 {[%emt 0:00:53]} Nxb4 {[%emt 0:02:59]} 34. Bd3 {[%emt 0:01:12]} Nc6 {[%emt 0:01:49]} 35. Rxb8 {[%emt 0:00:23]} Nxb8 {[%emt 0:00:04]} 36. Ne4 {[%emt 0:01:34]} gxf4+ {[%emt 0:01:00]} 37. Kxf4 {[%emt 0:02:05]} Ba4 {[%emt 0:01:13]} 38. Nf6 {[%emt 0:01:55]} Nd7 {[%emt 0:00:50]} 39. Nxd7 {[%emt 0:03:25]} Bxd7 {[%emt 0:00:04]} 40. g4 {[%emt 0:00:19]} f6 {[%emt 0:00:59]} 41. h4 {[%emt 0:31:10]} Ba4 {[%emt 0:02:58]} 42. exf6+ {[%emt 0:00:00]} 1/2-1/2

[Event "GER-chT Youth Countries 2018"]
[Site "Wurzburg"]
[Date "2018.10.05"]
[Round "5"]
[White "Leeb, Simon"]
[Black "Herbrig, Alexander"]
[Result "0-1"]
[WhiteElo "2203"]
[BlackElo "2277"]
[Annotator "NA RC"]
[PlyCount "76"]
[EventDate "2018.10.03"]
[EventType "team-tourn"]
[EventCountry "GER"]
[SourceTitle "playchess.com"]
[Source "ChessBase"]
[SourceQuality "1"]
[TimeControl "40/5400+30:1800+30"]

1. d4 {[%emt 0:00:00]} Nf6 {[%emt 0:00:00]} 2. Nf3 {[%emt 0:00:13]} e6 {[%emt 0:00:00]} 3. c4 {[%emt 0:00:49]} b6 {[%emt 0:00:00]} 4. a3 {[%emt 0:01:58]} Bb7 {[%emt 0:00:13]} 5. Nc3 {[%emt 0:00:27]} d5 {[%emt 0:01:38]} 6. Bg5 {[%emt 0:07:14]} h6 {[%emt 0:00:50]} 7. Bh4 {[%emt 0:00:19]} Nbd7 {[%emt 0:04:36]} 8. cxd5 {[%emt 0:04:20]} exd5 {[%emt 0:00:35]} 9. Qc2 {[%emt 0:00:36]} Be7 {[%emt 0:03:56]} 10. Bg3 {[%emt 0:02:48]} a6 {[%emt 0:04:40]} 11. e3 {[%emt 0:05:14]} O-O 12. Be2 {[%emt 0:02:21]} Rc8 {[%emt 0:11:48]} 13. Rd1 $11 {[%emt 0:06:09]} c5 {[%emt 0:10:46]} 14. Qf5 {[%emt 0:12:08]} cxd4 {[%emt 0:08:17]} 15. Nxd4 {[%emt 0:03:08]} Bxa3 {[%emt 0:10:58]} 16. Qb1 {[%emt 0:06:28]} Bb4 {[%emt 0:01:11]} 17. O-O {[%emt 0:05:22]} Bxc3 {[%emt 0:01:32]} 18. bxc3 {[%emt 0:00:04]} Ne4 {[%emt 0:01:55]} 19. Qa1 {[%emt 0:07:40]} Nxc3 {[%emt 0:00:50]} 20. Bg4 {[%emt 0:00:04]} Nxd1 {[%emt 0:02:10]} 21. Rxd1 {[%emt 0:00:19]} Rc4 {[%emt 0:02:47]} 22. e4 {[%emt 0:03:42]} Nc5 {[%emt 0:06:11]} 23. Nf5 {[%emt 0:10:46]} d4 {[%emt 0:02:26]} 24. Be5 {[%emt 0:00:58]} Bxe4 {[%emt 0:03:14]} 25. Bxd4 {[%emt 0:05:10]} Bxf5 {[%emt 0:08:55]} 26. Bxc5 {[%emt 0:02:00]} Bxg4 {[%emt 0:01:55]} 27. Rxd8 {[%emt 0:00:31]} Rxd8 {[%emt 0:00:06]} 28. f3 {[%emt 0:00:05]} Rxc5 {[%emt 0:01:01]} 29. fxg4 {[%emt 0:00:07]} a5 {[%emt 0:00:15]} 30. h4 {[%emt 0:01:09]} Rc4 {[%emt 0:00:56]} 31. Qe5 {[%emt 0:01:35]} Rxg4 {[%emt 0:02:47]} 32. Qc7 {[%emt 0:00:28]} Rgd4 {[%emt 0:00:06]} 33. Qxb6 {[%emt 0:00:06]} a4 {[%emt 0:00:04]} 34. Qa5 {[%emt 0:00:57]} R8d6 {[%emt 0:04:38]} 35. g3 {[%emt 0:00:31]} g6 {[%emt 0:01:20]} 36. h5 {[%emt 0:02:15]} g5 {[%emt 0:00:01]} 37. Kg2 {[%emt 0:01:51]} g4 {[%emt 0:01:10]} 38. Qe5 {[%emt 0:02:01]} Rd2+ {[%emt 0:00:23]} 0-1

[Event "GER-chT Youth Countries 2018"]
[Site "Wurzburg"]
[Date "2018.10.05"]
[Round "5"]
[White "Nguyen, Huy Dat"]
[Black "Oberhofer, Cedric"]
[Result "1/2-1/2"]
[WhiteElo "2194"]
[BlackElo "2213"]
[Annotator "NA RC"]
[PlyCount "54"]
[EventDate "2018.10.03"]
[EventType "team-tourn"]
[EventCountry "GER"]
[SourceTitle "playchess.com"]
[Source "ChessBase"]
[SourceQuality "1"]
[TimeControl "40/5400+30:1800+30"]

1. e4 {[%emt 0:00:00]} c5 {[%emt 0:00:00]} 2. Nf3 {[%emt 0:00:00]} d6 {[%emt 0:00:00]} 3. Bb5+ {[%emt 0:00:00]} Nd7 {[%emt 0:00:25]} 4. O-O {[%emt 0:02:07]} a6 {[%emt 0:01:59]} 5. Be2 {[%emt 0:00:15]} Ngf6 {[%emt 0:00:11]} 6. d3 {[%emt 0:00:26]} e6 {[%emt 0:02:57]} 7. c4 {[%emt 0:05:15]} b6 {[%emt 0:04:33]} 8. Nc3 {[%emt 0:00:44]} Bb7 {[%emt 0:00:15]} 9. Re1 {[%emt 0:04:41]} Be7 {[%emt 0:01:17]} 10. Bf1 {[%emt 0:00:12]} O-O {[%emt 0:01:10]} 11. b3 {[%emt 0:00:55]} Qc7 {[%emt 0:06:48]} 12. Bb2 {[%emt 0:00:18]} Rad8 {[%emt 0:03:52]} 13. Qc2 {[%emt 0:05:04]} Rfe8 {[%emt 0:05:43]} 14. Rad1 {[%emt 0:03:20]} Bf8 {[%emt 0:03:46]} 15. Ne2 $11 {[%emt 0:02:21]} g6 {[%emt 0:10:03]} 16. Ng3 {[%emt 0:00:39]} Bg7 {[%emt 0:00:13]} 17. h3 {[%emt 0:02:02]} Ne5 {[%emt 0:13:51]} 18. Nxe5 {[%emt 0:01:41]} dxe5 {[%emt 0:00:05]} 19. Qc1 {[%emt 0:00:49]} Nd7 {[%emt 0:01:29]} 20. Be2 {[%emt 0:05:49]} Nb8 {[%emt 0:02:49]} 21. Nf1 {[%emt 0:01:09]} Nc6 {[%emt 0:01:01]} 22. Nh2 {[%emt 0:00:14]} f5 23. Nf3 {[%emt 0:07:27]} Nd4 {[%emt 0:05:53]} 24. Nxd4 {[%emt 0:03:01]} exd4 {[%emt 0:01:02]} 25. Bf3 {[%emt 0:00:57]} Be5 {[%emt 0:05:21]} 26. Qg5 {[%emt 0:01:38]} Qg7 {[%emt 0:02:56]} 27. Bc1 {[%emt 0:00:23]} Bf6 {[%emt 0:01:45]} 1/2-1/2

[Event "GER-chT Youth Countries 2018"]
[Site "Wurzburg"]
[Date "2018.10.05"]
[Round "5"]
[White "Wong, Gengchun"]
[Black "Krastev, Alexander"]
[Result "0-1"]
[WhiteElo "2194"]
[BlackElo "2298"]
[Annotator "NA RC"]
[PlyCount "56"]
[EventDate "2018.10.03"]
[EventType "team-tourn"]
[EventCountry "GER"]
[SourceTitle "playchess.com"]
[Source "ChessBase"]
[SourceQuality "1"]
[TimeControl "40/5400+30:1800+30"]

1. Nf3 {[%emt 0:00:00]} c5 {[%emt 0:00:00]} 2. e4 {[%emt 0:00:00]} g6 {[%emt 0:00:00]} 3. d4 {[%emt 0:00:00]} cxd4 {[%emt 0:00:00]} 4. Nxd4 {[%emt 0:00:00]} Bg7 {[%emt 0:00:00]} 5. Nc3 {[%emt 0:00:00]} Nc6 {[%emt 0:00:00]} 6. Be3 {[%emt 0:00:00]} Nf6 {[%emt 0:00:05]} 7. Bc4 {[%emt 0:00:02]} O-O {[%emt 0:00:07]} 8. Bb3 {[%emt 0:00:06]} Re8 {[%emt 0:00:26]} 9. O-O {[%emt 0:00:37]} d6 {[%emt 0:00:33]} 10. h3 {[%emt 0:00:04]} Na5 {[%emt 0:01:45]} 11. Re1 {[%emt 0:01:35]} Nxb3 {[%emt 0:01:16]} 12. axb3 {[%emt 0:00:14]} b6 {[%emt 0:01:05]} 13. f4 {[%emt 0:15:42]} Bb7 {[%emt 0:02:33]} 14. Qd3 {[%emt 0:01:24]} a6 {[%emt 0:02:57]} 15. Nf3 {[%emt 0:04:10]} b5 {[%emt 0:04:07]} 16. Ra2 $17 {[%emt 0:06:36]} (16. f5 $15) 16... Rc8 {[%emt 0:08:30]} 17. Nd5 {[%emt 0:05:48]} Nxd5 {[%emt 0:00:35]} 18. exd5 {[%emt 0:00:06]} Qd7 {[%emt 0:00:32]} 19. c3 {[%emt 0:07:47]} e6 {[%emt 0:05:15]} 20. dxe6 {[%emt 0:01:57]} Rxe6 {[%emt 0:00:27]} 21. Ng5 {[%emt 0:03:35]} Re7 {[%emt 0:01:06]} 22. Bf2 {[%emt 0:03:18]} Rxe1+ {[%emt 0:01:42]} 23. Bxe1 {[%emt 0:00:05]} h6 {[%emt 0:00:41]} 24. Nf3 {[%emt 0:01:23]} Qe6 {[%emt 0:00:21]} 25. Qd1 {[%emt 0:05:09]} Qe3+ {[%emt 0:01:42]} 26. Kh2 {[%emt 0:00:58]} Re8 {[%emt 0:02:50]} 27. Bg3 {[%emt 0:05:31]} Qe2 {[%emt 0:01:07]} 28. Qxe2 {[%emt 0:04:01]} Rxe2 {[%emt 0:00:49]} 0-1

[Event "GER-chT Youth Countries 2018"]
[Site "Wurzburg"]
[Date "2018.10.05"]
[Round "5"]
[White "Kopylov, Daniel"]
[Black "Schulze, Lara"]
[Result "1/2-1/2"]
[WhiteElo "2192"]
[BlackElo "2122"]
[Annotator "NA RC"]
[PlyCount "65"]
[EventDate "2018.10.03"]
[EventType "team-tourn"]
[EventCountry "GER"]
[SourceTitle "playchess.com"]
[Source "ChessBase"]
[SourceQuality "1"]
[TimeControl "40/5400+30:1800+30"]

1. e4 {[%emt 0:00:00]} e6 {[%emt 0:00:00]} 2. d4 {[%emt 0:00:00]} d5 {[%emt 0:00:00]} 3. Nd2 {[%emt 0:00:02]} c5 {[%emt 0:00:00]} 4. exd5 {[%emt 0:00:33]} Qxd5 {[%emt 0:00:00]} 5. Ngf3 {[%emt 0:00:11]} cxd4 {[%emt 0:00:00]} 6. Bc4 {[%emt 0:00:24]} Qd6 {[%emt 0:00:08]} 7. O-O {[%emt 0:00:45]} Nf6 {[%emt 0:00:11]} 8. Nb3 {[%emt 0:00:56]} Nc6 {[%emt 0:00:08]} 9. Nbxd4 {[%emt 0:02:42]} Nxd4 {[%emt 0:00:09]} 10. Nxd4 {[%emt 0:00:11]} a6 {[%emt 0:00:06]} 11. Re1 {[%emt 0:01:57]} Qc7 {[%emt 0:00:07]} 12. Qe2 {[%emt 0:02:18]} h6 {[%emt 0:01:10]} 13. g3 {[%emt 0:02:57]} Bc5 {[%emt 0:09:06]} 14. Bf4 {[%emt 0:15:45]} Qb6 {[%emt 0:04:56]} 15. c3 $11 {[%emt 0:01:18]} Bxd4 {[%emt 0:09:21]} 16. cxd4 {[%emt 0:00:09]} O-O {[%emt 0:00:11]} 17. Be5 {[%emt 0:11:34]} Bd7 {[%emt 0:06:41]} 18. Bxf6 {[%emt 0:05:00]} gxf6 {[%emt 0:00:07]} 19. Qg4+ {[%emt 0:01:13]} Kh7 {[%emt 0:01:08]} 20. d5 {[%emt 0:01:42]} Rae8 {[%emt 0:07:25]} 21. Rad1 {[%emt 0:03:18]} f5 {[%emt 0:08:48]} 22. Qf4 {[%emt 0:06:42]} Qxb2 {[%emt 0:05:13]} 23. dxe6 {[%emt 0:21:55]} Bxe6 {[%emt 0:00:13]} 24. Bxe6 {[%emt 0:00:53]} fxe6 {[%emt 0:00:31]} 25. Rd7+ {[%emt 0:00:17]} Kg6 {[%emt 0:00:10]} 26. h4 {[%emt 0:01:18]} Qf6 {[%emt 0:04:45]} 27. Re5 {[%emt 0:06:34]} Rf7 {[%emt 0:03:12]} 28. Rd6 {[%emt 0:02:24]} Kh7 {[%emt 0:02:59]} 29. Qe3 {[%emt 0:03:23]} Rfe7 {[%emt 0:10:42]} 30. Qd4 {[%emt 0:01:00]} Qf7 {[%emt 0:09:13]} 31. Qe3 {[%emt 0:00:42]} Qf6 {[%emt 0:00:28]} 32. Qd4 {[%emt 0:00:12]} Qf7 {[%emt 0:00:10]} 33. Qe3 {[%emt 0:00:20]} 1/2-1/2

[Event "GER-chT Youth Countries 2018"]
[Site "Wurzburg"]
[Date "2018.10.05"]
[Round "5"]
[White "Goldbeck, Lars"]
[Black "Philipp, Mathias"]
[Result "1-0"]
[WhiteElo "2184"]
[BlackElo "2076"]
[Annotator "NA"]
[PlyCount "41"]
[EventDate "2018.10.03"]
[EventType "team-tourn"]
[EventCountry "GER"]
[SourceTitle "playchess.com"]
[Source "ChessBase"]
[SourceQuality "1"]
[TimeControl "40/5400+30:1800+30"]

1. d4 {[%emt 0:00:00]} d5 {[%emt 0:00:00]} 2. c4 {[%emt 0:00:00]} Nc6 {[%emt 0:00:00]} 3. Nf3 {[%emt 0:01:04]} Bg4 {[%emt 0:00:00]} 4. Nc3 {[%emt 0:02:17]} dxc4 {[%emt 0:01:05]} 5. d5 {[%emt 0:00:41]} Na5 {[%emt 0:00:43]} 6. Ne5 {[%emt 0:01:50]} Bd7 {[%emt 0:01:23]} 7. b4 {[%emt 0:02:19]} cxb3 {[%emt 0:03:04]} 8. axb3 {[%emt 0:00:56]} b6 {[%emt 0:01:04]} 9. Nxd7 {[%emt 0:05:42]} Qxd7 {[%emt 0:01:43]} 10. e4 {[%emt 0:03:08]} c6 {[%emt 0:05:14]} 11. b4 {[%emt 0:01:12]} Nb7 {[%emt 0:00:05]} 12. Qa4 {[%emt 0:11:26]} Nd8 {[%emt 0:09:27]} 13. dxc6 {[%emt 0:03:27]} Nxc6 {[%emt 0:00:20]} 14. Bb5 {[%emt 0:00:10]} Rc8 {[%emt 0:02:27]} 15. O-O $18 {[%emt 0:01:55]} e6 {[%emt 0:05:42]} 16. Bf4 {[%emt 0:04:48]} Bxb4 {[%emt 0:03:43]} 17. Rad1 {[%emt 0:00:21]} Qb7 {[%emt 0:00:34]} 18. Qxb4 {[%emt 0:00:23]} Nge7 {[%emt 0:01:33]} 19. Qa4 {[%emt 0:00:26]} a5 {[%emt 0:00:51]} 20. Bd6 {[%emt 0:02:08]} O-O {[%emt 0:02:31]} 21. Bxc6 {[%emt 0:04:16]} 1-0

[Event "GER-chT Youth Countries 2018"]
[Site "Wurzburg"]
[Date "2018.10.05"]
[Round "5"]
[White "Garbuz, Vitaliy"]
[Black "Doll, Alexander"]
[Result "1-0"]
[WhiteElo "2182"]
[BlackElo "2122"]
[Annotator "NA RC"]
[PlyCount "131"]
[EventDate "2018.10.03"]
[EventType "team-tourn"]
[EventCountry "GER"]
[SourceTitle "playchess.com"]
[Source "ChessBase"]
[SourceQuality "1"]
[TimeControl "40/5400+30:1800+30"]

1. e4 {[%emt 0:00:00]} e5 {[%emt 0:00:00]} 2. Nf3 {[%emt 0:00:00]} Nc6 {[%emt 0:00:00]} 3. d4 {[%emt 0:00:00]} exd4 {[%emt 0:00:00]} 4. Bc4 {[%emt 0:00:00]} Nf6 {[%emt 0:00:00]} 5. e5 {[%emt 0:00:00]} d5 {[%emt 0:00:00]} 6. Bb5 {[%emt 0:00:05]} Nd7 {[%emt 0:00:00]} 7. O-O {[%emt 0:00:08]} Be7 {[%emt 0:00:00]} 8. Bxc6 {[%emt 0:00:04]} bxc6 {[%emt 0:00:02]} 9. Nxd4 {[%emt 0:00:19] C56: Two Knights: 4 d4 exd4 5 0-0 Nxe4} Nb8 {[%emt 0:00:05]} 10. Nc3 {[%emt 0:00:11]} O-O {[%emt 0:00:28]} 11. Qf3 {[%emt 0:00:06]} f6 {[%emt 0:02:17]} 12. e6 {[%emt 0:00:05]} Bc5 {[%emt 0:02:02]} 13. Nb3 $146 {[%emt 0:02:32]} ({Predecessor:} 13. Nce2 Re8 14. Qg4 h5 15. Qxh5 Bxe6 16. Nxe6 Rxe6 {1-0 (33) Rodriguez Landa,M (2499)-Domancich,E (2428) ICCF email 2009}) 13... Bd6 {[%emt 0:06:00]} 14. Re1 {[%emt 0:03:07]} Re8 {[%emt 0:03:00]} 15. Nd4 {[%emt 0:23:59]} Be5 $2 {[%emt 0:04:50]} (15... Bc5 $11 {und Schwarz muss sich keine Sorgen machen.} 16. Qh5 Re7) 16. Rxe5 {[%emt 0:00:30]} fxe5 {[%emt 0:00:14]} 17. Qf7+ {[%emt 0:00:18]} Kh8 {[%emt 0:00:06]} 18. Bg5 {[%emt 0:00:10]} Bxe6 {[%emt 0:03:09]} 19. Nxe6 {[%emt 0:00:15]} Qd7 {[%emt 0:00:08]} 20. Qxd7 {[%emt 0:00:17]} Nxd7 {[%emt 0:00:02]} 21. Nxc7 {[%emt 0:00:41]} Nc5 {[%emt 0:01:01]} 22. Nxa8 {[%emt 0:00:11]} Rxa8 {[%emt 0:00:02]} 23. Be7 {[%emt 0:00:36]} Ne6 {[%emt 0:00:30]} 24. Re1 {[%emt 0:00:30]} Re8 {[%emt 0:00:17]} 25. Bd6 {[%emt 0:00:29]} e4 {[%emt 0:01:16]} 26. Be5 {[%emt 0:02:46]} Nc5 {[%emt 0:01:32]} 27. Bd4 {[%emt 0:00:13]} Ne6 {[%emt 0:00:09]} 28. Bxa7 {[%emt 0:00:16]} Ra8 {[%emt 0:00:15]} 29. Nxe4 {[%emt 0:07:12]} Rxa7 {[%emt 0:03:45]} 30. Nc5 {[%emt 0:00:52]} Nf8 {[%emt 0:00:48]} 31. a4 {[%emt 0:00:22]} Kg8 {[%emt 0:00:51]} 32. Re8 {[%emt 0:00:04]} Kf7 {[%emt 0:01:07]} 33. Rc8 {[%emt 0:00:23]} Ne6 {[%emt 0:00:13]} 34. Nxe6 {[%emt 0:01:20]} Kxe6 {[%emt 0:01:00]} 35. Rxc6+ {[%emt 0:02:26]} Kd7 {[%emt 0:00:09]} 36. Rc3 {[%emt 0:00:20]} Rxa4 {[%emt 0:00:21]} 37. Ra3 {[%emt 0:00:08]} Rd4 {[%emt 0:00:39]} 38. Rd3 {[%emt 0:00:52]} Rb4 {[%emt 0:00:20]} 39. b3 {[%emt 0:04:17]} Ke6 {[%emt 0:02:06]} 40. Re3+ {[%emt 0:01:11]} Kf6 {[%emt 0:00:39]} 41. Rf3+ {[%emt 0:31:30]} Ke6 {[%emt 0:32:05]} 42. g3 {[%emt 0:00:54]} Rb7 {[%emt 0:00:41]} 43. h4 {[%emt 0:00:26]} Rc7 {[%emt 0:00:17]} 44. Re3+ {[%emt 0:00:06]} Kf5 {[%emt 0:00:22]} 45. Re2 {[%emt 0:00:07]} Rc3 {[%emt 0:00:54]} 46. Kf1 {[%emt 0:01:19]} d4 {[%emt 0:00:13]} 47. Rd2 {[%emt 0:01:12]} d3 {[%emt 0:01:08]} 48. Rxd3 {[%emt 0:00:15]} Rxc2 {[%emt 0:00:06]} 49. Rd7 {[%emt 0:00:09]} Kf6 {[%emt 0:01:19]} 50. b4 {[%emt 0:00:28]} Rb2 {[%emt 0:00:55]} 51. Rb7 {[%emt 0:00:21]} h6 {[%emt 0:00:14]} 52. b5 {[%emt 0:01:08]} g5 {[%emt 0:00:38]} 53. hxg5+ {[%emt 0:00:06]} hxg5 {[%emt 0:00:33]} 54. b6 {[%emt 0:00:12]} Kf5 {[%emt 0:00:22]} 55. Rb8 {[%emt 0:00:19]} Kg4 {[%emt 0:00:22]} 56. Ke1 {[%emt 0:02:16]} Kf3 {[%emt 0:03:19]} 57. Rf8+ {[%emt 0:04:04]} Kg2 $2 {[%emt 0:00:45] [#]} (57... Ke4 58. Rg8 Rb5) 58. Rf6 $1 {[%emt 0:00:53]} g4 $18 {[%emt 0:02:19]} 59. Kd1 {[%emt 0:00:22]} Rb5 {[%emt 0:01:24]} 60. Kc2 {[%emt 0:00:39]} Rb4 {[%emt 0:00:28]} 61. Kd3 {[%emt 0:01:50]} Kg1 {[%emt 0:01:15]} 62. Kc3 {[%emt 0:01:16]} Rxb6 {[%emt 0:02:52]} 63. Rxb6 {[%emt 0:00:02]} Kxf2 {[%emt 0:00:08]} 64. Kd4 {[%emt 0:00:18]} Kxg3 {[%emt 0:00:13]} 65. Ke3 {[%emt 0:00:08]} Kh2 {[%emt 0:00:38]} 66. Rg6 {[%emt 0:00:34]} 1-0